Numerické metódy a matematická štatistika ; Zdena Riečanová, Ján Horváth, Vladimír Olejček, Beloslav Riečan, Peter Volauf, Miloš Vanko

Gespeichert in:
Bibliographische Detailangaben
Hauptverfasser: Riečanová, Zdenka, 1935- (Verfasst von), Horváth, Ján (Verfasst von), Olejček, Vladimír (Verfasst von), Riečan, Beloslav, 1936- (Verfasst von), Volauf, Peter (Verfasst von)
Weitere Verfasser: Vanko, Miloš (gup)
Format: Buch
Sprache:Slowakisch
Veröffentlicht: Bratislava Alfa 1987
Ausgabe:1. vyd.
Schriftenreihe:Edícia matematicko-fyzikálnej literatúry
Schlagworte:
Online-Zugang:Im OPAC anzeigen
Tags: Tag hinzufügen
Keine Tags, Fügen Sie das erste Tag hinzu!

MARC

LEADER 00000nam a2200000 a 4500
005 20260127134144.0
008 180815s1987 xo 0 slo
015 |a SNBA1987/10 
020 |c 37 Kčs. (4000 výtl.) 
035 |a vtls001085852 
035 |a SNK000028691 
039 9 |a 201808151613  |b VLOAD  |c 201808141559  |d VLOAD  |c 201808141559  |d VLOAD  |c 201802270824  |d AUTHORITY  |y 200412240737  |z VLOAD 
040 |a SNK  |b slo  |c SNK  |d STUSCHK1  |e AACR2 
041 0 |a slo 
044 |a xo  |c SK 
080 |a 519.2+519.6(075.8)  |2 1981 
080 |a 519.6(075.8)  |2 1981 
245 1 |a Numerické metódy a matematická štatistika ; Zdena Riečanová, Ján Horváth, Vladimír Olejček, Beloslav Riečan, Peter Volauf, Miloš Vanko 
250 |a 1. vyd. 
260 |a Bratislava  |b Alfa  |c 1987  |e Bratislava  |f Svornosť 
300 |a 496 s., 31,16 AH  |b Tb. Sch. Grafy.  |c 24 cm 
490 0 |a Edícia matematicko-fyzikálnej literatúry 
500 |a Lit. 34. Ilustr. na predsádkach. Reg. Spoluvyd. SNTL, Praha. Schválilo MŠ SSR a MŠ ČSR ako celoštátnu vysokošk. učeb. pre elektrotechn. fak. vys. škôl. 34 zázn. v slov., češ., ruš., angl. a nem. 
650 0 7 |a [BK]  |2 SNK 
700 1 |a Riečanová, Zdenka,  |d 1935-  |4 aut  |9 261 
700 1 |a Horváth, Ján  |4 aut  |9 529 
700 1 |a Olejček, Vladimír  |4 aut  |9 369 
700 1 |a Riečan, Beloslav,  |d 1936-  |4 aut  |9 859 
700 1 |a Volauf, Peter  |4 aut 
700 1 |a Vanko, Miloš  |4 gup 
910 |a SCHK95 
954 |a štatistika matematická  |a metódy numerické  |x učebnice VŠ 
958 |a OND 
958 |a NB 
958 |a TL 
958 |a UV 
999 |c 5362  |d 5362